| 000 | 00601nam a2200181 4500 | ||
|---|---|---|---|
| 001 | 117029 | ||
| 003 | ES-MaACL | ||
| 005 | 20230906190821.0 | ||
| 007 | t| | ||
| 008 | 070228s1973 sp r ||||1| spa d | ||
| 100 | 1 |
_aPassel, Frans van. _989445 |
|
| 245 | 1 | 0 |
_aEnseñanza de idiomas a los adultos / _cFrans van Passel ; traducción Renato Prada Oropeza ; adaptación Salvador García Bardón. |
| 260 |
_aMadrid : _bFragua, _c1973. |
||
| 300 |
_a198 p. ; _c22 cm. |
||
| 700 | 1 |
_aPrada Oropeza, Renato. _993580 |
|
| 700 | 1 |
_aGarcía Bardón, Salvador. _954227 |
|
| 852 |
_aES-MaACL _jC-51310 _bR.85235 |
||
| 999 |
_c117029 _d117029 |
||